000 00579nam a2200205Ia 4500
001 a961-22091 [564]
003 IT-MiCISF
008 161014s9999||||xx |||||||||||||| ||und||
040 _aIT-MiCISF
_cIT-MiCISF
041 _ait
100 _aPalamenghi Sandro
245 0 _aIl vangelo secondo gli sposi/1
250 _a1a ed.
260 _aBologna
_bDehoniane
_c1989
300 _ap. 160
500 _a / spiritualità-coniugale, ministero-coniugale, chiesa-domestica, pastorale-familiare /
650 _apastorale-familiare
942 _cBK
957 _71
999 _a22091
_bsi
_g1
_c216467
_d216467